000 00645cam a2200217 4500
001 ABS66793
008 030714n2003 000 0 eng u
035 _a(Sirsi) u122995
245 _aRegional survey: north-east
260 _c2003
490 _aProperty Week
_v68(23) 13 June 2003, 73-92(8)
590 _aABS
650 _aNORTHEAST ENGLAND
650 _aNEWCASTLE
650 _aCOUNTY DURHAM
650 _aSOUTH SHIELDS RIVERSIDE
650 _aINDUSTRIAL MARKET
650 _aPROPERTY-COMMERCIAL PROPERTY-OFFICE PROPERTY-OFFICE PROPERTY MARKET
690 _aPROPERTY-COMMERCIAL PROPERTY-COMMERCIAL PROPERTY MARKET
942 _n0
999 _c73034
_d73034